000 00659nam a2200229 a 4500
999 _c8119
_d8119
001 8119
003 BD-JhCC
005 20180925171631.0
008 180218b2009 bg |||| ||a| 000 0 ben d
020 _a9847002200700
035 _a(BD-JhCC) 8119
040 _aBD-JhCC
_dBD-JhCC
041 _aben
082 _a780.88294
_b CHO 2009
100 _aচৌধুরী, আবুল আহসান
245 _aলালন সাই /
_c আবুল আহসান চৌধুরী
260 _aঢাকা :
_bসূচীপত্র ,
_c20009
300 _a296 p .:
_c22 cm .
650 _aLanon, Baul Song
942 _2ddc
_cBK